000 00745cam a2200241I 4500
001 23539
003 BD-RjUL
005 20211209000936.0
008 140311t1891 nyucf 00010 eng
035 _a(BD-RjUL)23604
040 _aDLC
_cTOL
_dSER
_dm.c.
_dBOS
_dBD-RJUL
_beng
041 _aeng
082 0 4 _a923.5
_bBOO 1891
090 _aE83.866
_b.E91
100 1 _aBourke, John Gregory,
_d1846-1896.
_972449
245 1 0 _aOn the border with Crook /
_cby John G. Bourke ..
260 _aNew York :
_bC. Scribner's Sons,
_cc1891.
300 _axiii, 491 p. :
_bfront., pl., port. ;
_c23 cm.
600 1 0 _aCrook, George,
_d1829-1890.
_972450
650 0 _aIndians of North America
_xWars
_y1866-1895.
_972451
942 _2ddc
_cBK
999 _c23539
_d23539